000
00300nam a2200109Ia 4500
008
220204s9999 xx 000 0 und d
082
_a
339.732
_b
MON
100
_a
MONROE, W F
245
0
_a
International monetary reconstruction problems and issues
260
_a
Toronto
_b
Heath & Co
_c
1974
942
_c
BK
999
_c
37112
_d
37112